header

Contemporary business communication / (Record no. 256518)

MARC details
000 -LEADER
fixed length control field 01061cam a2200325 a 4500
001 - CONTROL NUMBER
control field 13726021
003 - CONTROL NUMBER IDENTIFIER
control field OSt
005 - DATE AND TIME OF LATEST TRANSACTION
control field 20170605122957.0
008 - FIXED-LENGTH DATA ELEMENTS--GENERAL INFORMATION
fixed length control field 040921s2006 maua b 001 0 eng
010 ## - LIBRARY OF CONGRESS CONTROL NUMBER
LC control number 2004113917
020 ## - INTERNATIONAL STANDARD BOOK NUMBER
International Standard Book Number 0618472533 (instructors annotated edition)
International Standard Book Number 9780618990481
040 ## - CATALOGING SOURCE
Original cataloging agency DLC
Transcribing agency DLC
Modifying agency DLC
042 ## - AUTHENTICATION CODE
Authentication code pcc
050 00 - LIBRARY OF CONGRESS CALL NUMBER
Classification number HD30.3
Item number .O26 2009
082 00 - DEWEY DECIMAL CLASSIFICATION NUMBER
Classification number 658.4/5
Edition number 22
100 1# - MAIN ENTRY--PERSONAL NAME
Personal name Ober, Scot,
Dates associated with a name 1946-
245 10 - TITLE STATEMENT
Title Contemporary business communication /
Statement of responsibility, etc Scot Ober.
250 ## - EDITION STATEMENT
Edition statement 6th ed., instructor's annotated ed.
260 ## - PUBLICATION, DISTRIBUTION, ETC. (IMPRINT)
Place of publication, distribution, etc Boston, MA :
Name of publisher, distributor, etc Houghton Mifflin Co.,
Date of publication, distribution, etc c2006.
300 ## - PHYSICAL DESCRIPTION
Extent xxii, 644 p. :
Other physical details col. ill. ;
Dimensions 26 cm.
504 ## - BIBLIOGRAPHY, ETC. NOTE
Bibliography, etc Includes bibliographical references (p. 630-635) and index.
650 #0 - SUBJECT ADDED ENTRY--TOPICAL TERM
Topical term or geographic name as entry element Communication in management.
Topical term or geographic name as entry element Communication in organizations.
Topical term or geographic name as entry element Business communication.
Topical term or geographic name as entry element Business writing.
906 ## - LOCAL DATA ELEMENT F, LDF (RLIN)
a 7
b cbc
c orignew
d 2
e epcn
f 20
g y-gencatlg
942 ## - ADDED ENTRY ELEMENTS (KOHA)
Source of classification or shelving scheme Library of Congress Classification
Koha item type Long Loan Books
Holdings
Withdrawn status Lost status Source of classification or shelving scheme Damaged status Not for loan Collection code Home library Current library Shelving location Date acquired Total Checkouts Full call number Barcode Date last seen Price effective from Koha item type
    Library of Congress Classification     Non-fiction Rongo University Library Rongo University Library General Stacks 05/06/2017   HD30.3 .O26 2009 201615486 05/06/2017 05/06/2017 Long Loan Books

© 2026 Rongo University
Contact us: librarian | system librarian | Rongo university